| 000 | 00692nam a2200193 i 4500 | ||
|---|---|---|---|
| 001 | 81928 | ||
| 003 | ES-MaACL | ||
| 005 | 20230906174534.0 | ||
| 007 | t| | ||
| 008 | 041108s1947 sp ||||1| spa d | ||
| 100 | 1 |
_aIglesias de la Riva, A. _965104 |
|
| 245 | 1 | 0 |
_aPolítica indígena en Guinea / _cpor A. Iglesias de la Riva. |
| 260 |
_aMadrid : _bInstituto de Estudios Africanos : _b[Ares], _c1947. |
||
| 300 |
_a366 p. ; _c20 cm. |
||
| 500 | _aPrecede al tít.: Consejo Superior de Investigaciones Científicas. | ||
| 710 | 2 |
_aConsejo Superior de Investigaciones Científicas (España) _93236 |
|
| 710 | 2 |
_aInstituto de Estudios Africanos. _94881 |
|
| 852 |
_aES-MaACL _jC-4545 _bR.24435 |
||
| 999 |
_c81928 _d81928 |
||